Statistics for All Pokémon with Intimidate

Click here to take the quiz!

General Stats

  • This quiz has been taken 6 times
    (4 since last reset)
  • The average score is 31 of 47

Answer Stats

(Avail)abilityPokémon% Correct
First AbilityArbok
100%
First AbilityArcanine
100%
First AbilityEkans
100%
First AbilityGrowlithe
100%
First AbilityGyarados
100%
First AbilityHisuian Arcanine
100%
First AbilityHisuian Growlithe
100%
Hidden AbilityIncineroar
100%
Second AbilityLuxio
100%
Second AbilityLuxray
100%
First AbilityMasquerain
100%
First AbilitySalamence
100%
Second AbilityShinx
100%
Hidden AbilityHisuian Qwilfish
75%
First AbilityKrokorok
75%
First AbilityKrookodile
75%
Second AbilityMawile
75%
First AbilityMightyena
75%
First AbilityPaldean Tauros (Aqua Breed)
75%
First AbilityPaldean Tauros (Blaze Breed)
75%
First AbilityPaldean Tauros (Combat Breed)
75%
Hidden AbilityQwilfish
75%
First AbilitySandile
75%
First AbilityStaraptor
75%
First AbilityStaravia
75%
First AbilityTauros
75%
First AbilityGranbull
50%
First AbilityHerdier
50%
First AbilityHitmontop
50%
Only AbilityLandorus (Therian Forme)
50%
Hidden AbilityLitten
50%
First AbilityMabosstiff
50%
First AbilityMaschiff
50%
Only AbilityMega Manectric
50%
Hidden AbilityOverqwil
50%
First AbilitySnubbull
50%
First AbilityStantler
50%
First AbilityStoutland
50%
Hidden AbilityTorracat
50%
Hidden AbilityScrafty
25%
Hidden AbilityScraggy
25%
First AbilitySquawkabilly (Blue Plumage)
25%
First AbilitySquawkabilly (Green Plumage)
25%
First AbilitySquawkabilly (White Plumage)
25%
First AbilitySquawkabilly (Yellow Plumage)
25%
First AbilityWyrdeer
25%
Only AbilityRevavroom (Segin Starmobile)
0%

Score Distribution

Percentile by Number Answered

Percent of People with Each Score

Your Score History

You have not taken this quiz since the last reset